Biblioteca

Formación espiritual (Registro nro. 71112)

Detalles MARC
000 -LÍDER
Campo fijo de descripción fija 01455nam a2200349 i 4500
001 - NÚMERO DE CONTROL
Campo de control 768714001
003 - IDENTIFICADOR DEL NÚMERO DE CONTROL
Campo de control CO-MdFUSB
005 - FECHA Y HORA DE LA ULTIMA TRANSACCIÓN
control field 20260421152410.0
007 - CAMPO FIJO DE DESCRIPCIÓN FIJA--INFORMACIÓN GENERAL
Campo fijo de descripción fija ta
008 - ELEMENTOS DE LONGITUD FIJA -- INFORMACIÓN GENERAL
Campo fijo de descripción fija -- Información general 241027t2009 sp a|||| |||| 001 0 spa d
020 ## - NÚMERO INTERNACIONAL NORMALIZADO PARA LIBROS
Número Internacional Normalizado del libro 978-84-8267-551-0
040 ## - FUENTE DE CATALOGACIÓN
Idioma de catalogación spa.
Agencia de catalogación original CO-MdFUSB
Agencia que realiza la transcripción CO-MdFUSB
Agencia que realiza la modificación CO-MdFUSBC
Convenciones de la descripción rda
041 ## - CÓDIGO DE IDIOMA
Código de idioma para texto/pista de sonido o título separado spa
082 ## - NÚMERO DE CLASIFICACIÓN DECIMAL DEWEY
Número de la edición del Dewey 23
Número de clasificación 248.4
Clave de autor-Numero de item T266
100 ## - ASIENTO PRINCIPAL--NOMBRE PERSONAL
Nombre personal Teja, Gary,
Término relacionador autor
245 ## - TÍTULO
Título del Material Formación espiritual
Mención de responsabilidad, etc. / Gary Teja
264 #1 - PRODUCCIÓN, PUBLICACIÓN, DISTRIBUCIÓN, MANUFACTURA, Y COPYRIGHT
Lugar de producción, publicación, distribución, manufactura Barcelona, España :
Nombre del productor, publicador, distribuidor Clie,
Fecha de producción, publicación, distribución, manufactura, o copyright [2009]
264 #4 - PRODUCCIÓN, PUBLICACIÓN, DISTRIBUCIÓN, MANUFACTURA, Y COPYRIGHT
Nombre del productor, publicador, distribuidor Facultad Latinoamericana de Estudios Teológicos,
Fecha de producción, publicación, distribución, manufactura, o copyright [2009]
300 ## - DESCRIPCIÓN FÍSICA
Extensión 244 páginas
Otros detalles físicos : ilustraciones
Dimensiones ; 21 cm
336 ## - TIPO DE CONTENIDO
Fuente rdacontent
Término de tipo de contenido texto
Código de tipo de contenido txt
337 ## - TIPO DE MEDIO
Fuente rdamedia
Nombre del tipo de medio sin mediación
Código del tipo de medio n
338 ## - TIPO DE SOPORTE
Fuente rdacarrier
Nombre del tipo de soporte volumen
Código Tipo de soporte nc
500 ## - NOTA GENERAL
Nota General Incluye índice, guía de estudio, ilustraciones
505 ## - NOTA DE CONTENIDO
Nota de contenido con formato preestablecido La formación espiritual -- Las bases bíblicas y teológicas de la formación espiritual -- Una introducción a las disciplinas espirituales -- Las disciplinas espirituales (primera parte) -- Las disciplinas espirituales (segunda parte) -- La formación espiritual y los estilos de personalidad -- La mentoría en la formación espiritual -- Obstáculos en la formación espiritual.
563 ## - NOTA DE ENCUADERNACIÓN
Nota de encuadernación Rústico
650 #7 - ASIENTO SECUNDARIO DE MATERIA - TERMINO TEMÁTICO
Término temático o nombre geográfico como elemento de entrada Educación cristiana
9 (RLIN) 349
653 ## - TÉRMINO DE INDIZACIÓN - NO CONTROLADO
Término no controlado Formación espiritual
653 ## - TÉRMINO DE INDIZACIÓN - NO CONTROLADO
Término no controlado Vida espiritual — Cristianismo
653 ## - TÉRMINO DE INDIZACIÓN - NO CONTROLADO
Término no controlado Disciplinas espirituales
942 ## - TIPO DE MATERIAL (KOHA)
Tipo de Item KOHA Libros General
945 ## - INFORMACIÓN LOCAL DEL REGISTRO
Catalogador Catherine Arias Alvarez
Existencias
Estado de Material Estado de Perdido Forma de Clasificación Volumen-Parte/Tomo Estado de Dañado No para Préstamo Colección Tomo Biblioteca de Origen Biblioteca Permanente Fecha de Adquisición Área Total de Préstamos Signatura Topográfica Código de Barras Última vez visto Ejemplar/Existencia Fecha de Remplazo Tipo de Material Nota Pública
    Dewey Decimal Classification     Novedades Colección General   Biblioteca FUSBC Biblioteca FUSBC 28/10/2024 VIDA CRISTIANA   G 248.4 T266f 25197 27/10/2024 Ej. 1 27/10/2024 Libros General Libro ubicado en estante de novedades

Biblioteca FUSBC | Teléfono: (57+4) 349 88 10 Ext. 141| WhatsApp (+57) 3005338115 
E-mail: biblioteca@unisbc.edu.co | Calle 76 87-14 Robledo Palenque, Medellín, Colombia

Con tecnología Koha